География Казахстана - Statistics

General Stats
  • This quiz has been taken 68 times
  • The average score is 14 of 25
Answer Stats
% Correct
Бывшая столица и крупнейший город Алма-Ата
100%
Столица Казахстана Астана
98%
Граничащие страны Россия
96%
Граничащие страны Китай
95%
Граничащие страны Узбекистан
95%
Граничащие страны Киргизия
91%
Название столицы в 2019-2022 годах Нур-Султан
82%
Граничащие страны Туркмения
80%
Третий по величине город Шымкент
66%
Главный космодром Советского Союза Байконур
66%
Крупнейшее озеро, полностью расположенное в Казахстане Балхаш
64%
Река, разделяющая Казахстан на азиатскую и небольшую европейскую часть Урал
61%
Название столицы в 1992-1998 Акмола
55%
Крупнейшее озеро в мире Каспийское море
54%
Некогда крупное озеро, ныне обмелело Аральское море
50%
Горы на крайнем востоке Казахстана Алтай
46%
Горы, через которые проходил Великий Шёлковый путь Тянь-Шань
41%
Крупнейшая река, протекающая через Казахстан (впадает в Обь) Иртыш
41%
Город, в котором он расположен Туркестан
39%
Река, на которой стоит столица Ишим
27%
Известный лечебный курорт на севере Боровое
21%
Пустыня, название переводится как "жёлтые пески" Кызылкум
18%
Регион, главные реки которого: Или, Каратал, Биен, Аксу, Лепси, Баскан, Сарканд Семиречье
16%
Название казахстанской части Уральских гор Мугоджары
7%
Древний мавзолей, возведенный Тамерланом Мавзолей {Ходжи Ахмеда Ясави}
2%
No matching quizzes found
Score Distribution
Percent of People with Each Score
Percentile by Number Answered
Your Score History
You have not taken this quiz